[Event "Bretagne op-B"]
[Site "Queven"]
[Date "1999.??.??"]
[Round "4"]
[White "Gouery, Thierry"]
[Black "Brixhe, Abel"]
[Result "0-1"]
[WhiteElo "1500"]
[BlackElo "1740"]
[PlyCount "76"]
[EventDate "1999.06.??"]
[EventType "swiss"]
[EventRounds "7"]
[EventCountry "FRA"]
[SourceTitle "EXT 2001"]
[Source "ChessBase"]
[SourceDate "2000.11.22"]
[SourceVersion "1"]
[SourceVersionDate "2000.11.22"]
[SourceQuality "1"]

1. d4 Nf6 2. c4 e6 3. Nc3 Bb4 4. a3 Bxc3+ 5. bxc3 c5 6. Qc2 cxd4 7. cxd4 Nc6 8. Nf3 h6 9. e3 d6 10. Bd3 0-0 11. 0-0 Re8 12. Bb2 e5 13. Nd2 Qc7 14. d5 Nb8 15. e4 Nbd7 16. Nb3 Nc5 17. a4 Nfd7 18. Bc3 Nxb3 19. Qxb3 Nc5 20. Qc2 Bd7 21. a5 Rac8 22. Be2 Rf8 23. Bb4 f5 24. f3 Qd8 25. a6 b6 26. Rfb1 Qg5 27. Ra3 f4 28. Bxc5 Rxc5 29. Qa2 Rfc8 30. Rb4 Qh4 31. Bf1 Qe1 32. Rab3 Rxc4 33. Rxc4 Rxc4 34. Rxb6 Qe3+ 35. Qf2 Qxf2+ 36. Kxf2 Rc2+ 37. Ke1 axb6 38. Bc4 Rxc4 0-1

[Event "Bretagne op-B"]
[Site "Queven"]
[Date "1999.??.??"]
[Round "5"]
[White "Lubac, Flavienne"]
[Black "Gouery, Thierry"]
[Result "1/2-1/2"]
[WhiteElo "1640"]
[BlackElo "1500"]
[PlyCount "35"]
[EventDate "1999.06.??"]
[EventType "swiss"]
[EventRounds "7"]
[EventCountry "FRA"]
[SourceTitle "EXT 2001"]
[Source "ChessBase"]
[SourceDate "2000.11.22"]
[SourceVersion "1"]
[SourceVersionDate "2000.11.22"]
[SourceQuality "1"]

1. e4 e5 2. Nf3 Nc6 3. Bc4 Nf6 4. Ng5 d5 5. exd5 Na5 6. Bb5+ c6 7. dxc6 bxc6 8. Be2 h6 9. Nf3 e4 10. Ne5 Bd6 11. f4 exf3 12. Nxf3 Qc7 13. d3 0-0 14. Bd2 Ng4 15. Bc3 Bg3+ 16. hxg3 Qxg3+ 17. Kd2 Qf4+ 18. Ke1 1/2-1/2